000 00446nam a2200169Ia 4500
008 230524s9999 xx 000 0 und d
020 _a9789313192329
100 _aEr.Ankit Goel
_944997
245 0 _aGATE TUTOR 2020 Electronics & Communication Engineering
250 _a1
260 _aNew Delhi
_bArihant
_c2019
300 _a1150p;
500 _aQuantity Number: 1
650 _aElectronics
700 _aAlka Singh
_944998
942 _cBK
999 _c60603
_d60603